[Event "Titled Tuesday intern op 06th Feb Late"]
[Site "Chess.com INT"]
[Date "2024.02.06"]
[Round "2"]
[White "Figorito, Nick"]
[Black "Antonio, Rogelio Jr"]
[Result "0-1"]
[WhiteElo "2036"]
[BlackElo "2362"]
[PlyCount "98"]
[EventDate "2024.02.06"]
[EventType "swiss (blitz)"]
[EventRounds "11"]
[EventCountry "USA"]
[SourceTitle "CB07_2024"]
[SourceDate "2024.02.14"]
[SourceVersion "1"]
[SourceVersionDate "2024.02.14"]
[SourceQuality "1"]

1. Nf3 Nf6 2. g3 b6 3. Bg2 Bb7 4. 0-0 g6 5. c4 Bg7 6. Nc3 c5 7. d3 0-0 8. Rb1 d5 9. cxd5 Nxd5 10. Nxd5 Bxd5 11. b3 e5 12. Bb2 Re8 13. Qd2 Nc6 14. Qg5 f6 15. Qh4 a5 16. Bc1 g5 17. Nxg5 fxg5 18. Bxd5+ Qxd5 19. Bxg5 Nd4 20. Qg4 Qe6 21. Qe4 Qg6 22. Qxg6 Nxe2+ 23. Kg2 hxg6 24. Rfe1 Nd4 25. Be3 Kf7 26. Bxd4 exd4 27. h4 Rxe1 28. Rxe1 Bf6 29. Kf3 a4 30. bxa4 Rxa4 31. Rb1 Bd8 32. Rb2 Ke6 33. Ke4 Ra7 34. g4 Re7 35. h5 g5 36. Kf3 Rf7+ 37. Kg2 Bc7 38. a4 Kd7 39. Re2 Bf4 40. Rb2 Kc6 41. Re2 c4 42. Rc2 c3 43. Kf3 Kd5 44. Ke2 Ra7 45. Ra2 b5 46. a5 b4 47. a6 b3 48. Ra5+ Kc6 49. Kd1 c2+ 0-1

[Event "PHI-ch"]
[Site "Marikina City"]
[Date "2024.01.06"]
[Round "11"]
[White "Nadera, Barlo A"]
[Black "Antonio, Rogelio Jr"]
[Result "0-1"]
[WhiteElo "2158"]
[BlackElo "2375"]
[PlyCount "98"]
[EventDate "2023.12.27"]
[EventType "tourn"]
[EventRounds "13"]
[EventCountry "PHI"]
[SourceTitle "CB02_2024"]
[SourceDate "2024.01.10"]
[SourceVersion "1"]
[SourceVersionDate "2024.01.10"]
[SourceQuality "1"]

1. d4 d5 2. Nf3 Nf6 3. c4 c6 4. Qc2 dxc4 5. Qxc4 Bf5 6. Nc3 e6 7. g3 Be7 8. Bg2 Nbd7 9. 0-0 0-0 10. e3 Ne4 11. Rd1 Nb6 12. Qe2 Nd5 13. Bd2 Nxd2 14. Qxd2 h6 15. h3 Bh7 16. a3 Bd6 17. Rac1 Qe7 18. Ne5 Rad8 19. Nxd5 exd5 20. f4 f6 21. Nd3 g5 22. Rf1 Kh8 23. Nf2 Qg7 24. g4 f5 25. Kh1 Rg8 26. Rg1 gxf4 27. exf4 Qf6 28. Rgf1 Rdf8 29. Rc3 Qh4 30. Kg1 fxg4 31. Nxg4 h5 32. Ne5 Be4 33. Rf2 Bxg2 34. Rxg2 Rxg2+ 35. Kxg2 Rg8+ 36. Kf1 Bxe5 37. dxe5 Rg3 38. Rxg3 Qxg3 39. Qf2 Qxh3+ 40. Ke2 Qf5 41. Kd2 Kg7 42. Kc3 b6 43. b4 Kf7 44. Kb2 Ke6 45. a4 Qe4 46. Ka3 d4 47. Qa2+ Qd5 48. Qe2 d3 49. Qxh5 d2 0-1

[Event "PHI-ch"]
[Site "Marikina City"]
[Date "2024.01.05"]
[Round "10"]
[White "Antonio, Rogelio Jr"]
[Black "Velarde, Jerish John"]
[Result "1/2-1/2"]
[WhiteElo "2375"]
[BlackElo "1778"]
[PlyCount "40"]
[EventDate "2023.12.27"]
[EventType "tourn"]
[EventRounds "13"]
[EventCountry "PHI"]
[SourceTitle "CB02_2024"]
[SourceDate "2024.01.10"]
[SourceVersion "1"]
[SourceVersionDate "2024.01.10"]
[SourceQuality "1"]

1. e4 c6 2. d4 d5 3. exd5 cxd5 4. Bd3 Nc6 5. c3 e5 6. dxe5 Nxe5 7. Bb5+ Nc6 8. Nf3 Nf6 9. 0-0 Be7 10. Ne5 Bd7 11. Nxd7 Qxd7 12. h3 a6 13. Ba4 0-0 14. Be3 b5 15. Bc2 Rad8 16. Re1 Rfe8 17. Bb6 Rb8 18. Be3 Rbd8 19. Bb6 Rb8 20. Be3 Rbd8 1/2-1/2

[Event "PHI-ch"]
[Site "Marikina City"]
[Date "2024.01.03"]
[Round "6"]
[White "Antonio, Rogelio Jr"]
[Black "Bacojo, Mark Jay"]
[Result "0-1"]
[WhiteElo "2375"]
[BlackElo "2367"]
[PlyCount "78"]
[EventDate "2023.12.27"]
[EventType "tourn"]
[EventRounds "13"]
[EventCountry "PHI"]
[SourceTitle "CB02_2024"]
[SourceDate "2024.01.10"]
[SourceVersion "1"]
[SourceVersionDate "2024.01.10"]
[SourceQuality "1"]

1. e4 c5 2. Nf3 d6 3. Bb5+ Nd7 4. c3 Ngf6 5. Qe2 a6 6. Ba4 b5 7. Bc2 e5 8. 0-0 g6 9. d4 Bg7 10. a4 bxa4 11. dxe5 dxe5 12. Rd1 0-0 13. Na3 Qc7 14. Nc4 a5 15. Ra2 a3 16. Rxa3 Nb6 17. Rxa5 Ba6 18. Rxa6 Rxa6 19. Ncxe5 Ra1 20. Nc4 Rd8 21. Re1 Nxc4 22. Qxc4 Nd7 23. g3 Bh6 24. Bd2 Rda8 25. Rxa1 Rxa1+ 26. Kg2 Bxd2 27. Nxd2 Ne5 28. Qb5 Ra8 29. Bb3 Rb8 30. Qa6 c4 31. f4 Qc6 32. Qa5 Qd7 33. Qd5 Qxd5 34. exd5 Nd7 35. Nxc4 Rxb3 36. Kf3 Nb6 37. Nxb6 Rxb6 38. b4 Kf8 39. Ke4 Ke7 0-1

[Event "Marikina City Kamatyas"]
[Site "Marikina City"]
[Date "2023.12.16"]
[Round "9"]
[White "Antonio, Rogelio Jr"]
[Black "Tran, Tuan Minh"]
[Result "1/2-1/2"]
[WhiteElo "2386"]
[BlackElo "2484"]
[PlyCount "82"]
[EventDate "2023.12.10"]
[EventType "tourn"]
[EventRounds "9"]
[EventCountry "PHI"]
[EventCategory "7"]
[SourceTitle "CB51_2023"]
[SourceDate "2023.12.20"]
[SourceVersion "1"]
[SourceVersionDate "2023.12.20"]
[SourceQuality "1"]

1. e4 c5 2. Nf3 e6 3. c3 Nf6 4. e5 Nd5 5. g3 b6 6. Bg2 Ba6 7. d3 Nc6 8. 0-0 Be7 9. c4 Nc7 10. Nc3 0-0 11. Re1 Rc8 12. b3 Bb7 13. Bb2 f6 14. d4 Nxd4 15. Nxd4 Bxg2 16. Nxe6 dxe6 17. Kxg2 f5 18. Qf3 Qe8 19. Rad1 Rf7 20. Rd3 Bf8 21. Red1 b5 22. h4 bxc4 23. bxc4 Na8 24. Nb5 Nb6 25. Qf4 Qc6+ 26. f3 Rb8 27. Nd6 Bxd6 28. exd6 Qa4 29. R1d2 Rd8 30. Rc3 Qxa2 31. Qe5 Nxc4 32. Qxe6 Rxd6 33. Rxd6 Qxb2+ 34. Kh3 Nxd6 35. Rb3 Qxb3 36. Qxb3 Ne8 37. Qd5 g6 38. Qxc5 Nf6 39. Qc4 Kg7 40. Qc3 h5 41. Qe5 Rd7 1/2-1/2

[Event "Marikina City Kamatyas"]
[Site "Marikina City"]
[Date "2023.12.13"]
[Round "6"]
[White "Quizon, Daniel"]
[Black "Antonio, Rogelio Jr"]
[Result "1-0"]
[WhiteElo "2415"]
[BlackElo "2386"]
[PlyCount "79"]
[EventDate "2023.12.10"]
[EventType "tourn"]
[EventRounds "9"]
[EventCountry "PHI"]
[EventCategory "7"]
[SourceTitle "CB51_2023"]
[SourceDate "2023.12.20"]
[SourceVersion "1"]
[SourceVersionDate "2023.12.20"]
[SourceQuality "1"]

1. Nf3 Nf6 2. c4 e6 3. g3 d5 4. Bg2 Be7 5. 0-0 0-0 6. d4 dxc4 7. Qc2 b5 8. a4 b4 9. Ne5 Qxd4 10. Bxa8 Qxe5 11. Bf4 Qc5 12. Nd2 Ba6 13. Be3 Qh5 14. Bf3 Ng4 15. Bxg4 Qxg4 16. f3 Qh5 17. Nxc4 c5 18. Rfd1 Nc6 19. Qe4 Bb7 20. Rd7 Ba8 21. Qg4 Qxg4 22. fxg4 Rc8 23. Rc1 Bf8 24. Nd6 Rb8 25. Nxf7 Na5 26. Ne5 Nb3 27. Rf1 a5 28. h4 Bd6 29. h5 c4 30. g5 c3 31. bxc3 Be4 32. cxb4 axb4 33. Rf4 Bf5 34. g4 Nc5 35. gxf5 b3 36. Rf1 b2 37. Rb1 Bf8 38. Bxc5 Bxc5+ 39. Kg2 Bd6 40. Nc6 1-0

[Event "Marikina City Kamatyas"]
[Site "Marikina City"]
[Date "2023.12.11"]
[Round "3"]
[White "Antonio, Rogelio Jr"]
[Black "Lu, Miaoyi"]
[Result "1-0"]
[WhiteElo "2386"]
[BlackElo "2281"]
[PlyCount "83"]
[EventDate "2023.12.10"]
[EventType "tourn"]
[EventRounds "9"]
[EventCountry "PHI"]
[EventCategory "7"]
[SourceTitle "CB51_2023"]
[SourceDate "2023.12.20"]
[SourceVersion "1"]
[SourceVersionDate "2023.12.20"]
[SourceQuality "1"]

1. e4 c5 2. Nf3 e6 3. d4 cxd4 4. Nxd4 Nf6 5. Nc3 Nc6 6. a3 Be7 7. Nxc6 bxc6 8. e5 Nd5 9. Qg4 g6 10. Ne4 h5 11. Qd1 Qc7 12. f4 g5 13. Nxg5 Nxf4 14. Bxf4 Bxg5 15. Qd2 Bh4+ 16. g3 Be7 17. 0-0-0 a5 18. Qc3 a4 19. h4 Ra5 20. Rd6 f6 21. exf6 Bxd6 22. Bxd6 Qxd6 23. Qxa5 Qxg3 24. Bd3 Qf4+ 25. Kb1 Qxf6 26. Rf1 Qg7 27. Qxa4 Ke7 28. Qa7 Qe5 29. Qf2 Kd8 30. Re1 Qg7 31. Qb6+ Ke7 32. Qc5+ Kd8 33. a4 Qf8 34. Qb6+ Ke7 35. a5 d6 36. Rf1 Qe8 37. a6 Bd7 38. Qf2 Kd8 39. Qb6+ Ke7 40. a7 Rg8 41. Qf2 d5 42. Qc5+ 1-0

[Event "Marikina City Kamatyas"]
[Site "Marikina City"]
[Date "2023.12.11"]
[Round "2"]
[White "Bersamina, Paulo"]
[Black "Antonio, Rogelio Jr"]
[Result "1/2-1/2"]
[WhiteElo "2433"]
[BlackElo "2386"]
[PlyCount "94"]
[EventDate "2023.12.10"]
[EventType "tourn"]
[EventRounds "9"]
[EventCountry "PHI"]
[EventCategory "7"]
[SourceTitle "CB51_2023"]
[SourceDate "2023.12.20"]
[SourceVersion "1"]
[SourceVersionDate "2023.12.20"]
[SourceQuality "1"]

1. e4 e6 2. d4 d5 3. Nd2 Be7 4. Ngf3 dxe4 5. Nxe4 Nf6 6. Bd3 Nxe4 7. Bxe4 Nd7 8. Qe2 c5 9. d5 exd5 10. Bxd5 0-0 11. 0-0 Nb6 12. Be4 Qc7 13. Re1 Bd6 14. b3 h6 15. Bb2 Be6 16. Rad1 Rfe8 17. Bxb7 Rad8 18. Ba6 c4 19. Qe4 Bd5 20. Qd4 Rxe1+ 21. Rxe1 Bf8 22. Qc3 Qf4 23. Qe5 Qg4 24. Qg3 Bxf3 25. Qxf3 Qg6 26. Qc3 Nd5 27. Qxc4 Nb4 28. Bb7 Qxc2 29. Qxc2 Nxc2 30. Rf1 Nb4 31. Bf3 Rd2 32. Bc3 Rxa2 33. Ra1 Rc2 34. Bd4 Bc5 35. Bxc5 Rxc5 36. Kf1 a5 37. Be2 Kf8 38. Bc4 Nc2 39. Ra4 Re5 40. Be2 Nb4 41. Bc4 Nc2 42. Be2 Nb4 43. g3 g5 44. Bc4 f5 45. f4 Rc5 46. Ke2 gxf4 47. gxf4 Nd5 1/2-1/2

[Event "Asia-ch Seniors"]
[Site "Tagaytay City"]
[Date "2023.10.18"]
[Round "5"]
[White "Ibrayev, Galymzhan"]
[Black "Antonio, Rogelio Jr"]
[Result "0-1"]
[WhiteElo "1692"]
[BlackElo "2393"]
[PlyCount "64"]
[EventDate "2023.10.15"]
[EventType "swiss"]
[EventRounds "9"]
[EventCountry "PHI"]
[SourceTitle "Mega2024 Update 01"]
[Source "Chessbase"]
[SourceDate "2023.11.12"]
[SourceVersion "1"]
[SourceVersionDate "2023.11.12"]
[SourceQuality "1"]

1. e4 d5 2. exd5 Nf6 3. c4 c6 4. Nc3 cxd5 5. d4 Nc6 6. Nf3 g6 7. cxd5 Nxd5 8. Bc4 Nb6 9. Bb3 Bg7 10. Be3 0-0 11. 0-0 Na5 12. Bc2 Nac4 13. Bg5 h6 14. Bh4 Bg4 15. Bb3 Rc8 16. Qe2 Bxf3 17. Qxf3 Nd2 18. Qe2 Nxf1 19. Bxe7 Qc7 20. Rxf1 Rce8 21. Re1 Bf6 22. Bxf6 Rxe2 23. Nxe2 Re8 24. Be5 Rxe5 25. dxe5 Qxe5 26. Kf1 Qxb2 27. Ng3 a5 28. Re8+ Kg7 29. Re7 Nd5 30. Rxb7 Qa1+ 31. Ke2 Qe5+ 32. Kf1 a4 0-1

[Event "Asia-ch Seniors"]
[Site "Tagaytay City"]
[Date "2023.10.16"]
[Round "3"]
[White "Antonio, Rogelio Jr"]
[Black "Nadera, Barlo A"]
[Result "1-0"]
[WhiteElo "2393"]
[BlackElo "2168"]
[PlyCount "63"]
[EventDate "2023.10.15"]
[EventType "swiss"]
[EventRounds "9"]
[EventCountry "PHI"]
[SourceTitle "Mega2024 Update 01"]
[Source "Chessbase"]
[SourceDate "2023.11.12"]
[SourceVersion "1"]
[SourceVersionDate "2023.11.12"]
[SourceQuality "1"]

1. e4 e6 2. d4 d5 3. Nc3 Bb4 4. e5 c5 5. a3 Bxc3+ 6. bxc3 Qa5 7. Bd2 Qa4 8. Rb1 c4 9. h4 Nc6 10. Nh3 h6 11. Nf4 Nge7 12. Nh5 Rh7 13. g4 b6 14. Bh3 Ng6 15. f4 Nxh4 16. 0-0 Bd7 17. Be1 Ng6 18. f5 Nf8 19. Bh4 Qxa3 20. Qd2 Qa6 21. Bf6 gxf6 22. Nxf6+ Ke7 23. Nxh7 Nxh7 24. Qxh6 Nf8 25. g5 Qa3 26. Qf6+ Ke8 27. g6 fxg6 28. fxe6 Bxe6 29. Bxe6 Nxe6 30. Qxe6+ Ne7 31. Rf7 Rb8 32. Rbf1 1-0

[Event "Titled Tuesday intern op 04th Jul Early"]
[Site "Chess.com INT"]
[Date "2023.07.04"]
[Round "4"]
[White "Antonio, Rogelio Jr"]
[Black "Sreyas, Payyappat"]
[Result "1-0"]
[WhiteElo "2393"]
[BlackElo "2075"]
[PlyCount "41"]
[EventDate "2023.07.04"]
[EventType "swiss (blitz)"]
[EventRounds "11"]
[EventCountry "USA"]
[SourceTitle "EXT 2024"]
[Source "ChessBase"]
[SourceDate "2023.10.10"]
[SourceVersion "1"]
[SourceVersionDate "2023.10.10"]
[SourceQuality "1"]

1. e4 c6 2. Nc3 d5 3. Nf3 dxe4 4. Nxe4 Nf6 5. Qe2 Nxe4 6. Qxe4 Nd7 7. Bc4 Nf6 8. Ne5 e6 9. Qe2 b5 10. Bb3 Qc7 11. d4 Bd6 12. Bf4 Bb7 13. 0-0 0-0 14. a4 a6 15. Rad1 Rfd8 16. Rfe1 Nd7 17. Nxf7 Bxf4 18. Qxe6 Bxh2+ 19. Kh1 Nc5 20. dxc5 Rxd1 21. Nd8+ 1-0

[Event "Cappelle op 39th"]
[Site "Cappelle la Grande"]
[Date "2023.02.23"]
[Round "8"]
[White "Antonio, Rogelio Jr"]
[Black "Sumets, Andrey"]
[Result "1/2-1/2"]
[WhiteElo "2377"]
[BlackElo "2513"]
[PlyCount "70"]
[EventDate "2023.02.18"]
[EventType "swiss"]
[EventRounds "9"]
[EventCountry "FRA"]
[SourceTitle "CBM 213 Extra"]
[Source "ChessBase"]
[SourceDate "2023.05.31"]
[SourceVersion "1"]
[SourceVersionDate "2023.05.31"]
[SourceQuality "1"]

1. e4 c6 2. d4 d5 3. e5 Bf5 4. h4 h6 5. h5 e6 6. g4 Be4 7. f3 Bh7 8. Bd3 Bxd3 9. cxd3 Bb4+ 10. Kf2 Nd7 11. a3 Ba5 12. f4 Ne7 13. Nf3 Qc7 14. Be3 f6 15. Nc3 Bxc3 16. bxc3 0-0-0 17. Qd2 c5 18. dxc5 fxe5 19. Nxe5 Nxe5 20. fxe5 Rhf8+ 21. Kg2 d4 22. cxd4 Qc6+ 23. Kh2 Rf3 24. Raf1 Rdf8 25. Qe2 Kd7 26. Rhg1 Rxf1 27. Rxf1 Rxf1 28. Qxf1 Qb5 29. Qf7 Qxd3 30. Bf2 Qe2 31. Kh3 Qf1+ 32. Kh2 Qe2 33. Kg3 Qd3+ 34. Qf3 Qb1 35. Qf7 Qd3+ 1/2-1/2

[Event "Cappelle op 39th"]
[Site "Cappelle la Grande"]
[Date "2023.02.20"]
[Round "4"]
[White "Antonio, Rogelio Jr"]
[Black "Beerdsen, Thomas"]
[Result "1/2-1/2"]
[WhiteElo "2377"]
[BlackElo "2519"]
[PlyCount "157"]
[EventDate "2023.02.18"]
[EventType "swiss"]
[EventRounds "9"]
[EventCountry "FRA"]
[SourceTitle "CBM 213 Extra"]
[Source "ChessBase"]
[SourceDate "2023.05.31"]
[SourceVersion "1"]
[SourceVersionDate "2023.05.31"]
[SourceQuality "1"]

1. e4 c6 2. d4 d5 3. e5 Bf5 4. h4 h5 5. Bd3 Bxd3 6. Qxd3 e6 7. Bg5 Qa5+ 8. Nd2 Qa6 9. Qxa6 Nxa6 10. c3 c5 11. Ngf3 Ne7 12. 0-0 Nc6 13. dxc5 Nxc5 14. c4 Nd3 15. cxd5 exd5 16. Rad1 Nxb2 17. Rb1 Ba3 18. Rfc1 Na4 19. Rc2 Nb6 20. Be3 0-0 21. Bxb6 axb6 22. Rxb6 Ra7 23. Nb3 Re8 24. Nbd4 Nxd4 25. Nxd4 Ra4 26. Nf3 Rb4 27. Rxb4 Bxb4 28. Rb2 Bc3 29. Rxb7 Bxe5 30. Rb5 Bc3 31. Rxd5 Re2 32. Rxh5 Rxa2 33. Rc5 Bf6 34. g3 g6 35. Kg2 Kg7 36. Rc7 Rb2 37. Rd7 Kf8 38. Nd2 Rb4 39. Kf3 Rd4 40. Rxd4 Bxd4 41. g4 Kg7 42. Kg3 Bc3 43. Ne4 Be5+ 44. f4 Bd4 45. Nd6 Bc3 46. Nb5 Be1+ 47. Kh3 Bd2 48. Kg3 Be1+ 49. Kh3 Bd2 50. f5 gxf5 51. gxf5 Ba5 52. Nd6 Bd8 53. Kg4 Be7 54. Ne8+ Kf8 55. Nc7 Bd8 56. Nd5 Kg7 57. Kh5 Ba5 58. Kg5 Bd2+ 59. Kg4 Be1 60. Ne3 Bd2 61. Nc4 Bb4 62. Ne5 Be7 63. Nf3 Kh6 64. Ng5 Kg7 65. Ne4 Bd8 66. Nc3 Ba5 67. Nd5 Be1 68. Ne3 Bd2 69. Nc4 Bb4 70. h5 Be7 71. Ne5 Bb4 72. Kf3 Kh6 73. Nxf7+ Kxh5 74. Kf4 Bc3 75. Ke4 Kg4 76. Nd6 Kg5 77. Kd5 Kf6 78. Ne4+ Kxf5 79. Nxc3 1/2-1/2

[Event "PHI-ch"]
[Site "Malolos"]
[Date "2023.02.03"]
[Round "5"]
[White "Concio, Michael Jr"]
[Black "Antonio, Rogelio Jr"]
[Result "1/2-1/2"]
[WhiteElo "2380"]
[BlackElo "2409"]
[PlyCount "40"]
[EventDate "2023.02.01"]
[EventType "tourn"]
[EventRounds "9"]
[EventCountry "PHI"]
[EventCategory "5"]
[SourceTitle "CBM 212 Extra"]
[Source "ChessBase"]
[SourceDate "2023.03.31"]
[SourceVersion "1"]
[SourceVersionDate "2023.03.31"]
[SourceQuality "1"]

1. e4 c6 2. d4 d5 3. exd5 cxd5 4. Nf3 Nc6 5. Nbd2 e6 6. c3 Bd6 7. Bd3 Qc7 8. 0-0 b6 9. Qe2 Bb7 10. Re1 Nf6 11. Nf1 0-0 12. Ng3 Nd7 13. Ng5 h6 14. Nh3 Bxg3 15. hxg3 e5 16. dxe5 Ndxe5 17. Bf4 f6 18. Rad1 Qf7 19. Bc2 Rad8 20. Bb3 Rfe8 1/2-1/2

[Event "Manny Pacquiao op"]
[Site "General Santos City"]
[Date "2022.12.15"]
[Round "6"]
[White "Antonio, Rogelio Jr"]
[Black "Salcedo, Richilieu"]
[Result "1-0"]
[WhiteElo "2403"]
[BlackElo "2314"]
[PlyCount "131"]
[EventDate "2022.12.13"]
[EventType "swiss"]
[EventRounds "9"]
[EventCountry "PHI"]
[SourceTitle "EXT 2024"]
[Source "ChessBase"]
[SourceDate "2023.10.10"]
[SourceVersion "1"]
[SourceVersionDate "2023.10.10"]
[SourceQuality "1"]

1. e4 d6 2. d4 Nf6 3. Nc3 c6 4. f4 Qa5 5. Bd3 e5 6. Nf3 exd4 7. Nxd4 g6 8. 0-0 Bg7 9. Kh1 0-0 10. Qe1 b5 11. a3 a6 12. Nf3 Qd8 13. f5 Ng4 14. Qg3 Ne5 15. Nxe5 dxe5 16. Bg5 f6 17. Be3 g5 18. Bc5 Rf7 19. Be2 Bf8 20. Rad1 Qc7 21. Be3 Bd7 22. Rd2 Rg7 23. Bh5 a5 24. Qf2 a4 25. Rfd1 Qb7 26. Ne2 b4 27. Bc5 Na6 28. Bxf8 Rxf8 29. Ng3 bxa3 30. bxa3 Nb8 31. Be2 Be8 32. Qc5 Qe7 33. Qc4+ Bf7 34. Qxa4 g4 35. Bc4 Kh8 36. Bxf7 Qxf7 37. Rd8 Rgg8 38. Rxf8 Rxf8 39. Qb4 Re8 40. Qd6 h5 41. Rb1 Nd7 42. Nxh5 Qxh5 43. Qxd7 g3 44. h3 Rf8 45. Qd3 Qg5 46. a4 Ra8 47. a5 Kh7 48. a6 Kh6 49. Ra1 Qf4 50. Rf1 Qg5 51. Qc4 c5 52. Qb5 Qe3 53. Qc6 Rf8 54. a7 Qa3 55. Qd6 Rf7 56. Qd8 Qa6 57. Qh8+ Rh7 58. Qf8+ Kh5 59. Re1 Qa5 60. Rd1 Qxa7 61. Qxf6 Qg7 62. Qd6 Rh6 63. Qxc5 Ra6 64. Qe3 Ra2 65. Qf3+ Kh6 66. f6 1-0

[Event "Manny Pacquiao op"]
[Site "General Santos City"]
[Date "2022.12.14"]
[Round "3"]
[White "Sivuk, Vitaly"]
[Black "Antonio, Rogelio Jr"]
[Result "1/2-1/2"]
[WhiteElo "2570"]
[BlackElo "2403"]
[PlyCount "62"]
[EventDate "2022.12.13"]
[EventType "swiss"]
[EventRounds "9"]
[EventCountry "PHI"]
[SourceTitle "EXT 2024"]
[Source "ChessBase"]
[SourceDate "2023.10.10"]
[SourceVersion "1"]
[SourceVersionDate "2023.10.10"]
[SourceQuality "1"]

1. d4 Nf6 2. c4 e6 3. Nf3 Bb4+ 4. Nbd2 Be7 5. e4 d5 6. e5 Nfd7 7. Bd3 c5 8. 0-0 Nc6 9. Re1 0-0 10. a3 Re8 11. Qc2 g6 12. cxd5 exd5 13. e6 Nf8 14. exf7+ Kxf7 15. dxc5 Bf6 16. Rxe8 Qxe8 17. Nb3 Bg4 18. Ng5+ Kg7 19. h3 Qe1+ 20. Bf1 Bf5 21. Qd2 Qxd2 22. Bxd2 Bxb2 23. Ra2 Bf6 24. Bf4 Ne6 25. Nxe6+ Bxe6 26. Re2 Re8 27. Rd2 Rd8 28. Re2 Re8 29. Rd2 Rd8 30. Re2 Re8 31. Rd2 Rd8 1/2-1/2

[Event "Wch Seniors 50 30th"]
[Site "Assisi"]
[Date "2022.11.23"]
[Round "8"]
[White "Antonio, Rogelio Jr"]
[Black "Loeffler, Markus"]
[Result "1-0"]
[WhiteElo "2397"]
[BlackElo "2260"]
[PlyCount "43"]
[EventDate "2022.11.15"]
[EventType "swiss"]
[EventRounds "11"]
[EventCountry "ITA"]
[SourceTitle "CBM 211 Extra"]
[Source "ChessBase"]
[SourceDate "2023.01.31"]
[SourceVersion "1"]
[SourceVersionDate "2023.01.31"]
[SourceQuality "1"]

1. e4 c5 2. Nf3 d6 3. Bb5+ Nd7 4. c3 Ngf6 5. Qe2 g6 6. d4 Bg7 7. e5 dxe5 8. dxe5 Nd5 9. e6 fxe6 10. Ng5 Nc7 11. Bf4 Bf6 12. Bxc7 Qxc7 13. Nxe6 Qe5 14. Qxe5 Bxe5 15. Nxc5 a6 16. Nxd7 Bxd7 17. Bxd7+ Kxd7 18. Nd2 Kc6 19. Ke2 Rad8 20. Rad1 Rd5 21. Nf3 Rhd8 22. c4 1-0

[Event "Wch Seniors 50 30th"]
[Site "Assisi"]
[Date "2022.11.22"]
[Round "7"]
[White "Sturua, Zurab"]
[Black "Antonio, Rogelio Jr"]
[Result "1-0"]
[WhiteElo "2522"]
[BlackElo "2397"]
[PlyCount "84"]
[EventDate "2022.11.15"]
[EventType "swiss"]
[EventRounds "11"]
[EventCountry "ITA"]
[SourceTitle "CBM 211 Extra"]
[Source "ChessBase"]
[SourceDate "2023.01.31"]
[SourceVersion "1"]
[SourceVersionDate "2023.01.31"]
[SourceQuality "1"]

1. d4 Nf6 2. Nf3 e6 3. c4 Bb4+ 4. Bd2 Bxd2+ 5. Qxd2 d5 6. g3 0-0 7. Bg2 Qe7 8. 0-0 Rd8 9. Rc1 c6 10. Qf4 Nbd7 11. Nbd2 h6 12. a3 a5 13. e4 dxe4 14. Nxe4 Nxe4 15. Qxe4 Nf6 16. Qe3 Qc7 17. c5 Nd5 18. Qe5 Qxe5 19. dxe5 a4 20. Nd2 Ne3 21. Ne4 Nxg2 22. Nd6 Rb8 23. Kxg2 b6 24. Rc4 bxc5 25. Rxa4 f6 26. Re1 fxe5 27. Nc4 Rd4 28. Rxe5 Kh7 29. Rxc5 Rb5 30. Nb6 Rd2 31. Rxb5 cxb5 32. Ra7 Rc2 33. b4 Kg6 34. a4 bxa4 35. b5 Kf6 36. Nxc8 Rxc8 37. Rxa4 Rb8 38. Rb4 Rb6 39. Kf3 Ke5 40. h4 g6 41. Ke3 h5 42. Rb2 Kd5 1-0

[Event "Wch Seniors 50 30th"]
[Site "Assisi"]
[Date "2022.11.17"]
[Round "3"]
[White "Antonio, Rogelio Jr"]
[Black "Al Ali, Hussein Ali Hussein"]
[Result "1-0"]
[WhiteElo "2397"]
[BlackElo "2231"]
[PlyCount "103"]
[EventDate "2022.11.15"]
[EventType "swiss"]
[EventRounds "11"]
[EventCountry "ITA"]
[SourceTitle "CBM 211 Extra"]
[Source "ChessBase"]
[SourceDate "2023.01.31"]
[SourceVersion "1"]
[SourceVersionDate "2023.01.31"]
[SourceQuality "1"]

1. e4 e5 2. Nf3 Nc6 3. Bb5 a6 4. Ba4 Nf6 5. 0-0 d6 6. Re1 Bd7 7. c3 g6 8. d4 b5 9. Bb3 Bg7 10. h3 0-0 11. a3 a5 12. a4 b4 13. Nbd2 h6 14. dxe5 Nxe5 15. Nxe5 dxe5 16. cxb4 axb4 17. Nf3 Qe7 18. Qc2 Rfc8 19. Be3 c5 20. Nd2 Nh5 21. Nc4 Ra6 22. a5 Nf4 23. Nb6 Rd8 24. Qxc5 Qxc5 25. Bxc5 Nd3 26. Be7 Re8 27. Red1 Rxe7 28. Rxd3 Be6 29. Bxe6 Rxe6 30. Nd5 Ra7 31. Nxb4 Rb7 32. Nd5 Ra6 33. b4 Bf8 34. Ra4 Kg7 35. Rc3 Bd6 36. Kf1 f5 37. f3 Kf7 38. Ke2 Ke6 39. Rc4 Kd7 40. Kd3 Rb8 41. Nc3 Bc7 42. b5 Rd6+ 43. Kc2 Bd8 44. b6 fxe4 45. Nxe4 Rc6 46. Rxc6 Kxc6 47. Rc4+ Kd5 48. Rc5+ Kd4 49. Rc6 h5 50. Rxg6 Kc4 51. Re6 Kd5 52. Re8 1-0

[Event "Titled Tuesday intern op 12th Jul Early"]
[Site "Chess.com INT"]
[Date "2022.07.12"]
[Round "4"]
[White "Sanchez, Roberto Daniel"]
[Black "Antonio, Rogelio Jr"]
[Result "1/2-1/2"]
[WhiteElo "1966"]
[BlackElo "2397"]
[PlyCount "186"]
[EventDate "2022.07.12"]
[EventType "swiss (blitz)"]
[EventRounds "11"]
[EventCountry "USA"]
[SourceTitle "EXT 2023"]
[Source "ChessBase"]
[SourceDate "2022.10.05"]
[SourceVersion "1"]
[SourceVersionDate "2022.10.05"]
[SourceQuality "1"]

1. Nf3 Nf6 2. e3 c5 3. c4 e6 4. Nc3 d5 5. d4 cxd4 6. exd4 Bb4 7. Bd3 dxc4 8. Bxc4 0-0 9. 0-0 Nbd7 10. Bg5 Bxc3 11. bxc3 Qc7 12. Qd3 b6 13. Bb3 Bb7 14. Rfe1 Rac8 15. Rac1 Rfd8 16. Qe3 Nf8 17. Bxf6 gxf6 18. Nd2 f5 19. Qg5+ Ng6 20. h4 Qf4 21. Nc4 Qxg5 22. hxg5 Nh4 23. f3 Rc7 24. Ne5 Ng6 25. Nxg6 hxg6 26. Kf2 Rdc8 27. c4 Rd8 28. Rcd1 Kg7 29. Rh1 Rh8 30. Rxh8 Kxh8 31. Ke3 Kg7 32. Kf4 f6 33. gxf6+ Kxf6 34. Re1 Rd7 35. Rd1 g5+ 36. Ke3 f4+ 37. Kd3 Rh7 38. Re1 Rh2 39. Re2 g4 40. c5 gxf3 41. Rxe6+ Kg5 42. gxf3 Bxf3 43. c6 Bg4 44. c7 Rh3+ 45. Kd2 Rh2+ 46. Kd3 Bf5+ 47. Kc3 Rh3+ 48. Kd2 Rh2+ 49. Re2 Rh8 50. d5 f3 51. Rf2 Kf4 52. d6 Kg3 53. Rf1 f2 54. Ke3 Re8+ 55. Kd4 Bh3 56. Rxf2 Kxf2 57. Ba4 Re2 58. d7 Rd2+ 59. Kc3 Rxd7 60. c8Q Rd3+ 61. Kxd3 Bxc8 62. Kc3 Ke3 63. Kb4 Ba6 64. Bb5 Bb7 65. a4 a5+ 66. Kc4 Ke4 67. Kc3 Ke5 68. Bc4 Kd6 69. Bd3 Bc6 70. Bc2 Kc5 71. Bb3 Bd5 72. Bc2 Bc6 73. Kb3 Kd4 74. Ka3 Bd5 75. Bd1 Kc3 76. Be2 Bc4 77. Bf3 Bd3 78. Bc6 Kd4 79. Be8 Kc5 80. Bd7 Bc4 81. Be8 Bd5 82. Bd7 Bc6 83. Be6 Bd5 84. Bd7 Bc4 85. Be8 Ba6 86. Bd7 Bb7 87. Be6 Be4 88. Bb3 Bd3 89. Bf7 Kd4 90. Be6 Kc3 91. Bf7 Bc4 92. Be8 Kd4 93. Bd7 Kc5 1/2-1/2